000 00658nam a22002057a 4500
999 _c11631
_d11631
003 AR-CdUCM
008 190404b ||||| |||| 00| 0 spa d
040 _aMUNICIPALIDAD PROVINCIAL DEL CUSCO
_cBIBLIOTECA MUNICIPAL DEL CUSCO
082 _aEP / 372.64 /
_bM16
110 _aCorporación grafica Navarrete
_929089
245 _aEl mago de oz /
260 _aPerú :
_bFondo editorial Navarrete,
300 _a12 paginas ;
_bilustraciones, graficos, dibujos,
_c24 cm.
500 _aCuentos palacio encantado
650 _aCuentos
_9217
650 _aHistoria
_9136
650 _aTexto infantil
_929090
942 _2ddc
_cLIBROS
945 _apjha
_d2019-04-04